Statistics for Car Companies A-Z (Hard) Quiz

Click here to take the quiz!

General Stats

  • This quiz has been taken 24 times
  • The average score is 4 of 25

Answer Stats

LetterHintCar Company% Correct
FWorld's best selling truckFord
95%
JFounded in 1934 and ended in 1976. Models include: 541, CV8, FF, Interceptor, & S-V8.Jensen
43%
MSwiss based luxury company. Museum is located in a basement.Monteverdi
19%
IFounded in 1925-35, resurrected in 1946-50, and resurrected again in 2004-12.Invicta
14%
WOriginally called Winklhofer & Jaenicke, & is represented as one of the rings of Audi.Wanderer
14%
T3rd oldest car company in the world from 1897-1999. Focus is on commercial vehicles since.Tatra
14%
B$29,500 in 1972!! Believed 12 built, only 3 knownBugazzi
14%
AMega TrackAxiam
14%
HNew Zealand designedHulme
10%
RLimited to 23 units for the first run of lightweight cars from this German company.Roding
10%
YThe founder of this company threatened to sue websites and journalists for defaming his car.Youabian
10%
CFounders are also known for styling the Countach & Stratos.Cizeta-Moroder
10%
VAfter disappearing for 50 years, company was resurrected the name in 2001 as concept.Veritas
10%
UThis Swedish company is behind the design of the Mania Spyder, which was a record best seller for an own design Swedish ki car.ULF
10%
DFounded by Eugene Casaroll uses a Dodge chassis.Dual-Ghia
10%
SOriginally a tuner, later turned to cars after WWII. Steven McQueen owned one nicknamed "Little Ferrari".Siata
10%
QChinese-Israeli companyQoros
10%
GConverted ZR-1 C4Guldstrand
10%
PFamour for their 6 wheeler.Panther
10%
OAquired Proto MotorsOullim
10%
NThis pair is known for its rebodied Ferrari Breadvan & Nembo Spyders.Neri & Bonacini
10%
ETurish sports car founded in 2006.Etox
10%
LGrand Prix sat on a Fiat 850 chassis with the later FL1 causing the demise of the company.Lombardi
10%
KOne built based on a Duesenberg Model J & styling cues from a Packard Super ConvertibleKollins
10%
ZChinese automotive parts exporter, turned to complete cars in 2005 with its first car called the Nomad.Zotye
10%

Score Distribution

Percentile by Number Answered

Percent of People with Each Score

Your Score History

You have not taken this quiz